000 01935nam a2200253Ia 4500
999 _c45470
_d45470
001 12295
003 GE_BSU
005 20240705115117.0
008 181216s2013||||geo|||||||||||||| ||ge ||
020 _a9789941061554
040 _cGE_BSU
041 _ageo
080 _a37/76(479.223) ა-95
245 _a აჭარის სახვითი ხელოვნება = Fine art of Ajara :
_b[ფერწერა და გრაფიკა, ქანდაკება და დეკორატიული ხელოვნება : ალბომი] /
_cაჭარის ა/რ განათლების, კულტურისა და სპორტის სამინისტრო ; პროექტისა [და ტექსტის] ავტორი გიორგი ჯანბერიძე.
264 _aბათუმი :
_bსეზანი,
_c2013-2014.
300 _a168 გვ. :
_bილ. ;
_c28 სმ.
500 _aთავფურცელი, ტექსტი, ყდა ქართულ და ინგლისურ ენებზე
520 _aპროექტი განხორციელდა აჭარის ავტ.რესპ.განათლების,კულტურის და სპორტის სამინისტროს მხარდაჭერით.
653 _aაჭარელი მხატვრების ფერწერული ალბომები
653 _aაჭარის სახვითი ხელოვნება
700 _aჯანბერიძე, გიორგი
_eპროექტისა და ტექსტის ავტორი
_922730
710 _aაჭარის ა/რ განათლების, კულტურისა და სპორტის სამინისტრო
_95043
942 _cBK
_2udc